[Event "Junior Online 4NCL Division 3"]
[Site "online"]
[Date "2020.10.15"]
[Round "5.168"]
[White "Gelmini, Gabriel"]
[Black "Narasimhan, Srivathsan"]
[Result "1-0"]
[WhiteElo "985"]
[BlackElo "410"]
[PlyCount "129"]
[EventDate "2020.10.15"]
[WhiteTeam "Rhodes Avenue Bishops"]
[BlackTeam "East Kilbride Bishops"]

1. d4 d5 2. c4 Nf6 3. cxd5 Nxd5 4. e4 Nf6 5. Nc3 Nc6 6. Be3 Be6 7. d5 Ng4 8.
dxe6 Nxe3 9. fxe3 fxe6 10. Qxd8+ Rxd8 11. Bb5 g6 12. Nge2 Bg7 13. O-O Bxc3 14.
Nxc3 Rd2 15. Bxc6+ bxc6 16. Rab1 Rd3 17. Rfe1 Rf8 18. Nd1 Rd2 19. Rf1 Rf6 20.
e5 Rf5 21. Rxf5 gxf5 22. Nc3 Rd3 23. e4 fxe4 24. Nxe4 Re3 25. Ng5 Rxe5 26. h4
h6 27. Nf3 Ra5 28. a3 Kf7 29. Kf2 Kf6 30. Ke3 Kf5 31. Nd4+ Kg4 32. Nxc6 Rc5 33.
Nxe7 Kxh4 34. Ng6+ Kh5 35. Nf4+ Kg4 36. Rh1 Re5+ 37. Kd4 Kxf4 38. Rxh6 Re4+ 39.
Kc5 Kf5 40. Kc6 Rc4+ 41. Kd7 Rd4+ 42. Kxc7 Rd2 43. b4 Rxg2 44. b5 Rg7+ 45. Kd6
e5 46. Rh5+ Kf4 47. Rxe5 Rg6+ 48. Re6 Rg5 49. a4 a5 50. b6 Rg8 51. Re1 Rb8 52.
Kc7 Ra8 53. b7 Ra7 54. Rb1 Ke5 55. Kc8 Rxb7 56. Rxb7 Kd6 57. Ra7 Kc6 58. Rxa5
Kb6 59. Rh5 Ka6 60. Rh1 Ka5 61. Ra1 Kb4 62. a5 Kb5 63. a6 Kb6 64. a7 Kc6 65.
a8=Q+ 1-0

[Event "Junior Online 4NCL Division 3"]
[Site "online"]
[Date "2020.10.29"]
[Round "6.12"]
[White "Bolt, James"]
[Black "Brown, William"]
[Result "1-0"]
[WhiteElo "900"]
[BlackElo "790"]
[PlyCount "69"]
[EventDate "2020.10.29"]
[WhiteTeam "Rhodes Avenue Knights"]
[BlackTeam "Friar Tucks"]

1. e4 e6 2. d4 d5 3. Nc3 Nc6 4. Nf3 Nf6 5. e5 Ne4 6. Bd3 f5 7. O-O Bd7 8. Bg5
Be7 9. Bf4 O-O 10. Ne2 g5 11. Be3 h6 12. c4 a6 13. cxd5 exd5 14. Nd2 f4 15.
Bxe4 dxe4 16. Nxe4 fxe3 17. fxe3 Re8 18. Nf6+ Bxf6 19. exf6 Rf8 20. Qb3+ Kh8
21. f7 Kg7 22. Qc3 Be6 23. d5+ Kg6 24. dxe6 b5 25. Rad1 Qxd1 26. Rxd1 Rfd8 27.
Rxd8 Rxd8 28. Qc2+ Kf6 29. Qxc6 Rc8 30. Qc5 c6 31. f8=Q+ Rxf8 32. Qxf8+ Kxe6
33. Qxh6+ Kf5 34. Ng3+ Kg4 35. Qh5# 1-0

[Event "Junior Online 4NCL Division 3"]
[Site "online"]
[Date "2020.10.29"]
[Round "6.16"]
[White "Brown, William"]
[Black "Bolt, James"]
[Result "1/2-1/2"]
[WhiteElo "790"]
[BlackElo "900"]
[PlyCount "108"]
[EventDate "2020.10.29"]
[WhiteTeam "Friar Tucks"]
[BlackTeam "Rhodes Avenue Knights"]

1. e4 e5 2. Nf3 Nc6 3. Nc3 Bc5 4. Bc4 Nf6 5. O-O d6 6. d3 Bg4 7. Bg5 Nd4 8. Nd5
c6 9. c3 cxd5 10. cxd4 dxc4 11. dxc5 dxc5 12. dxc4 Qc7 13. h3 Be6 14. b3 Nxe4
15. Qd3 Nxg5 16. Nxg5 Bd7 17. Rad1 b6 18. Nxh7 Qc6 19. Qf3 Rxh7 20. Qxc6 Bxc6
21. f3 f5 22. Rfe1 e4 23. fxe4 fxe4 24. Re3 Rd8 25. Rxd8+ Kxd8 26. g4 Bd7 27.
Rxe4 Bc6 28. Rf4 g5 29. Rf6 Kc7 30. Kh2 b5 31. Rg6 Bd7 32. Rxg5 bxc4 33. bxc4
Be6 34. Rxc5+ Kb6 35. Rg5 Bxc4 36. a3 Bb5 37. Rg6+ Ka5 38. Rg5 Ka4 39. Rf5 Bd7
40. Rg5 Kxa3 41. Ra5+ Kb4 42. Rxa7 Kb5 43. Rxd7 Rxd7 44. g5 Rg7 45. h4 Rg6 46.
Kh3 Kc5 47. Kg4 Kd5 48. h5 Rg7 49. g6 Ke6 50. Kg5 Ke7 51. h6 Rg8 52. g7 Kf7 53.
h7 Kxg7 54. hxg8=Q+ Kxg8 1/2-1/2

[Event "Junior Online 4NCL Division 3"]
[Site "online"]
[Date "2020.10.29"]
[Round "6.21"]
[White "Murthy, Rishab"]
[Black "Jessop, Osian"]
[Result "1/2-1/2"]
[WhiteElo "1030"]
[BlackElo "1442"]
[PlyCount "64"]
[EventDate "2020.10.29"]
[WhiteTeam "Warwickshire Bears G"]
[BlackTeam "Border Bandits 2"]

1. d4 f5 2. Nc3 e6 3. Nf3 Nf6 4. Bf4 d5 5. Nb5 Bd6 6. Nxd6+ cxd6 7. e3 Bd7 8.
Bxd6 Qb6 9. Ba3 Nc6 10. b3 Ne4 11. Nd2 Nxd2 12. Qxd2 O-O-O 13. Bc5 Qa5 14. Qxa5
Nxa5 15. Bxa7 Kc7 16. Rd1 b6 17. b4 Nc6 18. Bxb6+ Kxb6 19. Rb1 Na7 20. Bd3 Nb5
21. a4 Nc3 22. a5+ Ka7 23. Rb3 Nb5 24. Kd2 Rc8 25. Ra1 Rc7 26. a6 Rhc8 27. Ra5
Nd6 28. b5 Nxb5 29. Bxb5 Bxb5 30. Raxb5 Rxc2+ 31. Kd3 Kxa6 32. Rb7 Rc1 1/2-1/2

[Event "Junior Online 4NCL Division 3"]
[Site "online"]
[Date "2020.10.29"]
[Round "6.22"]
[White "Watkins, Gabby"]
[Black "Khashu, Rohan"]
[Result "0-1"]
[WhiteElo "1087"]
[BlackElo "1037"]
[PlyCount "60"]
[EventDate "2020.10.29"]
[WhiteTeam "Border Bandits 2"]
[BlackTeam "Warwickshire Bears G"]

1. c4 Nc6 2. g3 Nf6 3. Bg2 e5 4. e3 Bc5 5. a3 O-O 6. Ne2 d6 7. d4 Bb6 8. Nbc3
exd4 9. Nxd4 Nxd4 10. exd4 Re8+ 11. Be3 Ng4 12. O-O Qf6 13. Qd2 Nxe3 14. fxe3
Qh6 15. Bh1 Rxe3 16. Rae1 Bh3 17. Bxb7 Rxg3+ 18. hxg3 Qxd2 19. Bxa8 g6 20. Re8+
Kg7 21. Rf2 Bxd4 22. Ree2 Bxf2+ 23. Kxf2 Qd4+ 24. Kf3 Qg4+ 25. Ke3 Qxg3+ 26.
Kd2 h5 27. Ne4 Qf4+ 28. Kd3 Bf1 29. Nc3 h4 30. Kc2 h3 0-1

[Event "Junior Online 4NCL Division 3"]
[Site "online"]
[Date "2020.10.29"]
[Round "6.23"]
[White "Madoc, Gaspard"]
[Black "Haddow, Dylan"]
[Result "1-0"]
[WhiteElo "1067"]
[BlackElo "846"]
[PlyCount "71"]
[EventDate "2020.10.29"]
[WhiteTeam "Warwickshire Bears G"]
[BlackTeam "Border Bandits 2"]

1. e4 e5 2. Bc4 Nc6 3. Nc3 Nf6 4. Nf3 Bc5 5. h3 Nxe4 6. Nxe4 d5 7. Bxd5 Qxd5 8.
Qe2 Bf5 9. d3 Bb4+ 10. c3 Nd4 11. Nxd4 Qxd4 12. O-O Bxc3 13. bxc3 Qd7 14. Qf3
O-O-O 15. Nc5 Bxd3 16. Nxd3 Qxd3 17. Qxf7 Qxc3 18. Bg5 Rdf8 19. Qe6+ Kb8 20.
Rab1 b6 21. Rbc1 Re8 22. Qxe8+ Rxe8 23. Rxc3 h6 24. Be3 c5 25. Rd3 Kc7 26. g4
a5 27. Kg2 c4 28. Rc3 b5 29. Bc5 Kc6 30. Be3 b4 31. Rxc4+ Kb5 32. Rc5+ Ka4 33.
Rb1 b3 34. Rxb3 e4 35. Bd2 e3 36. Rxa5# 1-0

[Event "Junior Online 4NCL Division 3"]
[Site "online"]
[Date "2020.10.29"]
[Round "6.24"]
[White "Siddall, George"]
[Black "Patel, Diah Dipal"]
[Result "0-1"]
[WhiteElo "708"]
[BlackElo "895"]
[PlyCount "80"]
[EventDate "2020.10.29"]
[WhiteTeam "Border Bandits 2"]
[BlackTeam "Warwickshire Bears G"]

1. e4 e5 2. Nf3 Nc6 3. Bc4 Nf6 4. Nc3 Bc5 5. O-O O-O 6. d3 a6 7. Be3 Bxe3 8.
fxe3 Ng4 9. h3 Nxe3 10. Qe2 Nxf1 11. Qxf1 Qf6 12. Qe2 Qg6 13. Nh4 Qf6 14. g3 d5
15. exd5 Nd4 16. Qe3 Bxh3 17. Kh2 Bd7 18. Ne4 Qe7 19. c3 Nc2 20. Qc1 Nxa1 21.
Qxa1 b5 22. Bb3 c6 23. dxc6 Bxc6 24. Qe1 Rad8 25. d4 exd4 26. cxd4 Bxe4 27. Qa5
Bc6 28. Qxa6 Qe2+ 29. Kh3 Bd7+ 30. g4 Bxg4+ 31. Kg3 Rxd4 32. Ng2 Rd3+ 33. Kh2
Rh3+ 34. Kg1 Qe1+ 35. Nxe1 Rg3+ 36. Kf2 Rh3 37. Kg2 h6 38. Qxb5 Rd8 39. Kf1 Rd2
40. Qb4 Rh1# 0-1

[Event "Junior Online 4NCL Division 3"]
[Site "online"]
[Date "2020.10.29"]
[Round "6.25"]
[White "Jessop, Osian"]
[Black "Murthy, Rishab"]
[Result "0-1"]
[WhiteElo "1442"]
[BlackElo "1030"]
[PlyCount "130"]
[EventDate "2020.10.29"]
[WhiteTeam "Border Bandits 2"]
[BlackTeam "Warwickshire Bears G"]

1. e4 e5 2. Nf3 Nc6 3. Bc4 Bc5 4. d3 Nf6 5. Ng5 O-O 6. Nc3 d6 7. Nf3 Nd4 8.
Nxd4 Bxd4 9. Bg5 h6 10. Bh4 Bxc3+ 11. bxc3 g5 12. Bg3 Ng4 13. h3 Nf6 14. Bh2 d5
15. exd5 Nxd5 16. Bxd5 Qxd5 17. O-O Qc5 18. d4 Qxc3 19. Bxe5 Re8 20. Qh5 Qc6
21. h4 Qg6 22. Qxg6+ fxg6 23. hxg5 hxg5 24. g3 Bf5 25. Kg2 Bxc2 26. Rh1 Be4+
27. f3 Bd5 28. Rac1 g4 29. Rxc7 Bxf3+ 30. Kg1 Bxh1 31. Kxh1 Rac8 32. Rg7+ Kf8
33. Rxg6 Rc6 34. Rxg4 Rc1+ 35. Kg2 Rc2+ 36. Kg1 Rxa2 37. Rf4+ Ke7 38. Bf6+ Kd7
39. Be5 Rg8 40. Rf7+ Ke6 41. Rf6+ Ke7 42. d5 Rxg3+ 43. Bxg3 Kxf6 44. d6 Rd2 45.
Kf1 Kg5 46. Ke1 Rd3 47. Bh2 Kg4 48. Ke2 Rh3 49. Be5 Rh7 50. Ke3 Kf5 51. Kd4 Ke6
52. Ke4 a5 53. Kd4 Rh4+ 54. Kc5 Rh5 55. Kb6 Rxe5 56. Kc7 Rd5 57. d7 Rxd7+ 58.
Kb6 a4 59. Kb5 a3 60. Kb4 a2 61. Kb3 a1=Q 62. Kb4 Qc1 63. Kb3 Rd2 64. Kb4 Rb2+
65. Ka3 Qa1# 0-1

[Event "Junior Online 4NCL Division 3"]
[Site "online"]
[Date "2020.10.29"]
[Round "6.26"]
[White "Khashu, Rohan"]
[Black "Watkins, Gabby"]
[Result "1/2-1/2"]
[WhiteElo "1037"]
[BlackElo "1087"]
[PlyCount "88"]
[EventDate "2020.10.29"]
[WhiteTeam "Warwickshire Bears G"]
[BlackTeam "Border Bandits 2"]

1. e4 c6 2. Nc3 d5 3. exd5 cxd5 4. d4 Nf6 5. Nf3 Bf5 6. Bf4 e6 7. Nb5 Na6 8.
Nc3 Be7 9. Bb5+ Nd7 10. Ne5 Bd6 11. Bxd7+ Ke7 12. Bb5 Bxe5 13. Bxe5 Nc7 14. Bd3
Re8 15. Bxf5 exf5 16. Qe2 Kf8 17. Qh5 Kg8 18. O-O-O g6 19. Qh6 Ne6 20. Rd3 f6
21. Bg3 Qe7 22. Nxd5 Qf7 23. Rc3 Rad8 24. Nf4 Nxf4 25. Bxf4 Rxd4 26. Be3 Rdd8
27. Bxa7 Qxa2 28. Ra3 Qd5 29. Bb6 Rd6 30. Rd3 Qc6 31. Bd4 Qxg2 32. Rhd1 Ra6 33.
b3 Rae6 34. h3 Qe4 35. Re3 Qc6 36. h4 Rxe3 37. fxe3 Rc8 38. Rd2 Qh1+ 39. Kb2
Ra8 40. Kc3 Qc6+ 41. Kd3 Qe4+ 42. Kc3 Qc6+ 43. Kb2 Qh1 44. Kc3 Qc6+ 1/2-1/2

[Event "Junior Online 4NCL Division 3"]
[Site "online"]
[Date "2020.10.29"]
[Round "6.27"]
[White "Haddow, Dylan"]
[Black "Madoc, Gaspard"]
[Result "0-1"]
[WhiteElo "846"]
[BlackElo "1067"]
[PlyCount "46"]
[EventDate "2020.10.29"]
[WhiteTeam "Border Bandits 2"]
[BlackTeam "Warwickshire Bears G"]

1. e4 e5 2. Nf3 Nc6 3. Nc3 Nf6 4. Bc4 h6 5. d3 Bc5 6. Be3 Bxe3 7. fxe3 d6 8. d4
exd4 9. exd4 O-O 10. d5 Ne7 11. e5 dxe5 12. Nxe5 Qd6 13. Qe2 h5 14. Bd3 Bg4 15.
Qe3 Nfxd5 16. Nxd5 Nxd5 17. Qd4 Qe6 18. Qe4 f5 19. Qe3 Nxe3 20. Bxf5 Qxf5 21.
Nxg4 Qxg4 22. h3 Qxg2 23. Rh2 Rf1# 0-1

[Event "Junior Online 4NCL Division 3"]
[Site "online"]
[Date "2020.10.29"]
[Round "6.28"]
[White "Patel, Diah Dipal"]
[Black "Siddall, George"]
[Result "1-0"]
[WhiteElo "895"]
[BlackElo "708"]
[PlyCount "69"]
[EventDate "2020.10.29"]
[WhiteTeam "Warwickshire Bears G"]
[BlackTeam "Border Bandits 2"]

1. e4 e5 2. Nf3 Nc6 3. Nc3 Nf6 4. Bc4 Bc5 5. b3 O-O 6. O-O d6 7. Ng5 h6 8. Nh3
Bxh3 9. gxh3 Nh5 10. Qxh5 Nd4 11. d3 Ne2+ 12. Nxe2 Qe7 13. Qg4 g5 14. h4 d5 15.
Bxd5 c6 16. Bc4 b5 17. d4 bxc4 18. dxc5 f6 19. hxg5 fxg5 20. Ng3 Rf7 21. Nf5
Qf6 22. Qh3 Rh7 23. bxc4 Rd8 24. Bb2 Rb8 25. Rab1 Rb4 26. Bxe5 Qxe5 27. Rxb4
Qxc5 28. Rb8+ Kf7 29. Qh5+ Kf6 30. Nxh6 Rg7 31. Ng4+ Ke6 32. Qh6+ Kf7 33. Rb7+
Kf8 34. Qxg7+ Ke8 35. Rb8# 1-0

[Event "Junior Online 4NCL Division 3"]
[Site "online"]
[Date "2020.10.29"]
[Round "6.31"]
[White "Masood, Rameen"]
[Black "Morrison, Matthew"]
[Result "1/2-1/2"]
[WhiteElo "1097"]
[BlackElo "1285"]
[PlyCount "109"]
[EventDate "2020.10.29"]
[WhiteTeam "Leicestershire Juniors 3"]
[BlackTeam "Surbiton Juniors C"]

1. e4 e5 2. Nf3 Nc6 3. Bc4 Nf6 4. Ng5 d5 5. exd5 Nxd5 6. d3 Be7 7. Nxf7 Kxf7 8.
Qf3+ Bf6 9. Bxd5+ Ke8 10. Bxc6+ bxc6 11. Qxc6+ Bd7 12. Qe4 Rb8 13. d4 Qe7 14.
Nd2 exd4 15. Qxe7+ Kxe7 16. O-O Kf7 17. Ne4 Bc6 18. Nxf6 gxf6 19. Rb1 Rhg8 20.
f3 Rg7 21. Bf4 Rc8 22. Rbd1 Rcg8 23. Rf2 Ke6 24. Rxd4 Kf5 25. Bg3 Re8 26. Rf4+
Kg6 27. Rg4+ Kf7 28. Rxg7+ Kxg7 29. Bxc7 Bb5 30. Ba5 Re5 31. f4 Re4 32. Rf3 Be2
33. Rg3+ Kf7 34. Bd2 Bb5 35. Re3 Rxf4 36. Re7+ Kxe7 37. Bxf4 Bc4 38. b3 Be2 39.
Kf2 Bd1 40. c4 Kd7 41. Be3 a6 42. b4 Kc6 43. Ke1 Bc2 44. Kd2 Be4 45. Kc3 Bxg2
46. a4 Bf1 47. c5 f5 48. Kd4 Bg2 49. a5 Kb5 50. Kc3 h5 51. h4 Bf3 52. Bd2 Bg2
53. Be3 Ka4 54. Bd2 Kb5 55. Be3 1/2-1/2

[Event "Junior Online 4NCL Division 3"]
[Site "online"]
[Date "2020.10.29"]
[Round "6.32"]
[White "Baguley, Rory"]
[Black "Abraham, Leo"]
[Result "1-0"]
[WhiteElo "1187"]
[BlackElo "1015"]
[PlyCount "27"]
[EventDate "2020.10.29"]
[WhiteTeam "Surbiton Juniors C"]
[BlackTeam "Leicestershire Juniors 3"]

1. e4 e5 2. Nf3 Nc6 3. Bc4 Nf6 4. Ng5 d5 5. exd5 Nxd5 6. Nxf7 Kxf7 7. Qf3+ Ke8
8. Bxd5 Be7 9. Qf7+ Kd7 10. Be6+ Kd6 11. Bxc8 Rxc8 12. O-O Bh4 13. Nc3 g6 14.
Ne4# 1-0

[Event "Junior Online 4NCL Division 3"]
[Site "online"]
[Date "2020.10.29"]
[Round "6.33"]
[White "Miles, Jacob"]
[Black "de Villiers, Alex"]
[Result "0-1"]
[WhiteElo "1022"]
[BlackElo "1225"]
[PlyCount "90"]
[EventDate "2020.10.29"]
[WhiteTeam "Leicestershire Juniors 3"]
[BlackTeam "Surbiton Juniors C"]

1. e4 e5 2. Nf3 Nc6 3. Nc3 Bc5 4. Bc4 Nf6 5. d3 d6 6. h3 h6 7. O-O O-O 8. Be3
Bb6 9. Bc5 dxc5 10. a3 Na5 11. b4 Nxc4 12. dxc4 a5 13. bxa5 Bxa5 14. Qb1 Bxc3
15. Ra2 Be6 16. a4 Bxc4 17. Rd1 Bxa2 18. Qxa2 Nxe4 19. Rxd8 Rfxd8 20. Qb1 Ba5
21. Nxe5 Nc3 22. Qxb7 Rd1+ 23. Kh2 Rad8 24. Qf3 f6 25. Ng4 h5 26. Ne3 Re1 27.
Qg3 Ne4 28. Qf4 Rd4 29. f3 Ng5 30. Qg3 Rxe3 31. h4 Ne4 32. fxe4 Rxg3 33. Kxg3
Rxe4 34. Kf3 Rxa4 35. Ke3 Rxh4 36. Kf3 Ra4 37. Ke3 Kf7 38. Kf3 Ke6 39. Ke3 Ke5
40. Kd3 Kd5 41. Ke3 c4 42. Ke2 Ra3 43. Kd1 Kd4 44. Kc1 Kc3 45. g3 Ra1# 0-1

[Event "Junior Online 4NCL Division 3"]
[Site "online"]
[Date "2020.10.29"]
[Round "6.34"]
[White "Thompson, Noah"]
[Black "Parizad, Anjal"]
[Result "0-1"]
[WhiteElo "1225"]
[BlackElo "1000"]
[PlyCount "186"]
[EventDate "2020.10.29"]
[WhiteTeam "Surbiton Juniors C"]
[BlackTeam "Leicestershire Juniors 3"]

1. e4 e5 2. Nf3 Nf6 3. Nxe5 d6 4. Nf3 Nxe4 5. Qe2 d5 6. d3 Qe7 7. dxe4 dxe4 8.
Nfd2 Nc6 9. g4 Qe6 10. Rg1 Bb4 11. c3 Bc5 12. Rg3 O-O 13. b4 Bd6 14. Re3 Qf6
15. Nxe4 Qh4 16. Nxd6 Bxg4 17. Qd2 Rad8 18. Rd3 cxd6 19. Bb2 Rde8+ 20. Re3
Rxe3+ 21. Qxe3 Ne5 22. c4 Nf3+ 23. Kd1 Nxh2+ 24. Be2 Bf5 25. Qc3 f6 26. Nd2
Qxf2 27. Qd4 Qg2 28. Qd5+ Qxd5 29. cxd5 Re8 30. Bb5 Re3 31. Bd4 Rg3 32. Bxa7
Rg1+ 33. Ke2 Rxa1 34. Bd4 Rxa2 35. Kf2 Rxd2+ 36. Ke3 Rg2 37. Kf4 g6 38. Bxf6
Rf2+ 39. Kg3 Rc2 40. Ba4 Rd2 41. Bc3 Rxd5 42. Kxh2 g5 43. Bb3 Be6 44. Bxd5 Bxd5
45. Kg3 h6 46. Kg4 b5 47. Kh5 Kh7 48. Kg4 Be6+ 49. Kf3 h5 50. Bd2 g4+ 51. Kg3
Kg6 52. Kh4 d5 53. Bc3 Kh6 54. Bb2 Kg6 55. Bc3 g3 56. Kxg3 Kg5 57. Bd2+ Kg6 58.
Kh4 d4 59. Bc1 d3 60. Be3 Bc4 61. Bf4 Bd5 62. Be3 Bb3 63. Bf4 Bf7 64. Be3 Kf5
65. Kg3 Ke4 66. Kf2 h4 67. Bd2 h3 68. Kg3 Be6 69. Kh2 Kf3 70. Bc3 Ke4 71. Bd2
Kd4 72. Kg3 Kc4 73. Kh2 Bf5 74. Kg3 Bc8 75. Kh2 Kb3 76. Kg3 Kc2 77. Bf4 d2 78.
Bxd2 Kxd2 79. Kf4 h2 80. Ke4 h1=Q+ 81. Kd4 Qh4+ 82. Kc5 Bd7 83. Kd6 Qd4+ 84.
Kc7 Qxb4 85. Kxd7 Qd4+ 86. Kc6 b4 87. Kb5 b3 88. Kc6 b2 89. Kc7 b1=Q 90. Kc6
Qf6+ 91. Kd5 Qb3+ 92. Ke4 Qb4+ 93. Kd5 Qbd4# 0-1

[Event "Junior Online 4NCL Division 3"]
[Site "online"]
[Date "2020.10.29"]
[Round "6.35"]
[White "Morrison, Matthew"]
[Black "Masood, Rameen"]
[Result "0-1"]
[WhiteElo "1285"]
[BlackElo "1097"]
[PlyCount "72"]
[EventDate "2020.10.29"]
[WhiteTeam "Surbiton Juniors C"]
[BlackTeam "Leicestershire Juniors 3"]

1. d4 e6 2. c4 d5 3. Nc3 dxc4 4. e4 Nc6 5. Nf3 Nge7 6. Bxc4 f5 7. e5 Nd5 8.
Bxd5 exd5 9. Bg5 Ne7 10. Bxe7 Bxe7 11. Qc2 O-O 12. Qb3 Be6 13. O-O Rb8 14. h3
c5 15. Rad1 a6 16. a3 b5 17. dxc5 Bxc5 18. Nxd5 f4 19. Rfe1 Qd7 20. Rf1 Qf7 21.
Rd3 Qg6 22. Rc1 Bxh3 23. Kf1 Qxg2+ 24. Ke2 Qxf2+ 25. Kd1 Qf1+ 26. Ne1 Bg4+ 27.
Kd2 Qe2+ 28. Kc3 Bd4+ 29. Rxd4 Rbc8+ 30. Kb4 a5+ 31. Kxa5 Ra8+ 32. Kb4 Ra4+ 33.
Kc5 Rc8+ 34. Kd6 Ra6+ 35. Ke7 Ra7+ 36. Kd6 Rd7# 0-1

[Event "Junior Online 4NCL Division 3"]
[Site "online"]
[Date "2020.10.29"]
[Round "6.36"]
[White "Abraham, Leo"]
[Black "Baguley, Rory"]
[Result "1-0"]
[WhiteElo "1015"]
[BlackElo "1187"]
[PlyCount "171"]
[EventDate "2020.10.29"]
[WhiteTeam "Leicestershire Juniors 3"]
[BlackTeam "Surbiton Juniors C"]

1. e4 e5 2. Nf3 Nc6 3. Bc4 Nf6 4. Ng5 d5 5. exd5 Na5 6. Bb5+ c6 7. dxc6 bxc6 8.
Be2 Bd7 9. Nc3 Bc5 10. O-O O-O 11. d3 h6 12. Nf3 Bd6 13. d4 exd4 14. Qxd4 Qe7
15. Bd2 Bc5 16. Qd3 Rad8 17. Nd4 Be6 18. Be3 Bc4 19. Qd2 Bxe2 20. Ncxe2 Nc4 21.
Qc3 Nxe3 22. fxe3 Bxd4 23. Nxd4 Qe5 24. Nxc6 Qxc3 25. bxc3 Rc8 26. Ne7+ Kh8 27.
Nxc8 Rxc8 28. Rfd1 Rxc3 29. Rd8+ Kh7 30. Ra8 Rxc2 31. Rxa7 Kg6 32. Re7 Nd5 33.
Re5 Nc3 34. a4 Ne2+ 35. Kf1 Nc3 36. a5 Rb2 37. a6 Rb8 38. a7 Ra8 39. Re7 Kf6
40. Rb7 Nd5 41. Rb8 Nxe3+ 42. Ke2 Rxb8 43. axb8=Q Nxg2 44. Ra7 Kf5 45. Rxf7+
Kg6 46. Qg8 Nh4 47. Qxg7+ Kh5 48. Qh7 Ng2 49. Rf6 Kg4 50. Qg6+ Kh3 51. Qxh6+
Kg4 52. Qg7+ Kh3 53. Qxg2+ Kxg2 54. Rg6+ Kxh2 55. Kf3 Kh1 56. Rg5 Kh2 57. Kf2
Kh3 58. Rh5+ Kg4 59. Ra5 Kf4 60. Ra3 Ke4 61. Ke2 Kd4 62. Kd2 Ke4 63. Rb3 Kf4
64. Ke2 Ke4 65. Rb4+ Kd5 66. Kd3 Ke5 67. Ra4 Kf5 68. Ke3 Kg5 69. Kf3 Kh5 70.
Kg3 Kg5 71. Ra5+ Kf6 72. Kf4 Ke6 73. Ke4 Kd6 74. Rh5 Kc6 75. Kd4 Kb6 76. Kc4
Ka6 77. Kb4 Kb6 78. Rh6+ Kb7 79. Kc5 Kc7 80. Rh7+ Kd8 81. Kd6 Ke8 82. Ke6 Kf8
83. Ra7 Kg8 84. Kf6 Kh8 85. Kg6 Kg8 86. Ra8# 1-0

[Event "Junior Online 4NCL Division 3"]
[Site "online"]
[Date "2020.10.29"]
[Round "6.37"]
[White "de Villiers, Alex"]
[Black "Miles, Jacob"]
[Result "1-0"]
[WhiteElo "1225"]
[BlackElo "1022"]
[PlyCount "73"]
[EventDate "2020.10.29"]
[WhiteTeam "Surbiton Juniors C"]
[BlackTeam "Leicestershire Juniors 3"]

1. e4 e5 2. Nf3 Nf6 3. Nxe5 Qe7 4. f4 Nxe4 5. Bd3 Nf6 6. O-O d6 7. Nc4 Bg4 8.
Qe1 Qxe1 9. Rxe1+ Be7 10. h3 Nbd7 11. hxg4 Nxg4 12. Bf5 Ngf6 13. Bxd7+ Kxd7 14.
Nc3 c5 15. Ne4 d5 16. Nxf6+ Kc6 17. Rxe7 dxc4 18. Rxf7 c3 19. dxc3 c4 20. Rxg7
Rhd8 21. Be3 Kd6 22. Nxh7 Ke6 23. Ng5+ Kf6 24. Bd4+ Kf5 25. Rf7+ Kg4 26. Rg7
Kxf4 27. Ne6+ Kf5 28. Nxd8 Rxd8 29. Rf1+ Ke6 30. Rg6+ Ke7 31. Re1+ Kd7 32. Rg7+
Kc8 33. Bf6 Rd7 34. Re8+ Kc7 35. Be5+ Kc6 36. Rc8+ Rc7 37. Rgxc7+ 1-0

[Event "Junior Online 4NCL Division 3"]
[Site "online"]
[Date "2020.10.29"]
[Round "6.38"]
[White "Parizad, Anjal"]
[Black "Thompson, Noah"]
[Result "0-1"]
[WhiteElo "1000"]
[BlackElo "1225"]
[PlyCount "36"]
[EventDate "2020.10.29"]
[WhiteTeam "Leicestershire Juniors 3"]
[BlackTeam "Surbiton Juniors C"]

1. e4 c6 2. Nf3 d5 3. Nc3 Nf6 4. e5 Nfd7 5. d4 e6 6. Be3 f6 7. exf6 gxf6 8. Bd3
Rg8 9. O-O Bg7 10. b4 e5 11. dxe5 fxe5 12. Bxh7 Rh8 13. Bg6+ Kf8 14. Ng5 Nf6
15. Ne6+ Bxe6 16. Bg5 Qc7 17. Qf3 e4 18. Qe2 Qxh2# 0-1

[Event "Junior Online 4NCL Division 3"]
[Site "online"]
[Date "2020.10.29"]
[Round "6.41"]
[White "Vijayakumar, Rishi"]
[Black "Horwood, Alexander"]
[Result "1-0"]
[WhiteElo "1002"]
[BlackElo "1000"]
[PlyCount "107"]
[EventDate "2020.10.29"]
[WhiteTeam "Dundee City"]
[BlackTeam "Harrow Juniors F"]

1. d4 d5 2. c4 dxc4 3. Nc3 Nf6 4. e4 Nc6 5. Nf3 Bg4 6. Be3 e6 7. Bxc4 Bb4 8.
Bb5 O-O 9. Bxc6 bxc6 10. h3 Bxf3 11. Qxf3 Bxc3+ 12. bxc3 Qb8 13. O-O Qb7 14.
Rab1 Qc8 15. Bg5 Qd8 16. e5 Qd5 17. exf6 gxf6 18. Qxf6 Qd8 19. Qxd8 Raxd8 20.
Bxd8 Rxd8 21. Rb7 Kg7 22. Rfb1 Rd6 23. Rxc7 Kg6 24. Rbb7 Kf5 25. Rxf7+ Ke4 26.
Rf3 Kd5 27. Rb2 Kc4 28. Rb4+ Kd5 29. Re3 Rd8 30. Re5+ Kd6 31. Rb7 Rd7 32. Rxd7+
Kxd7 33. Ra5 h5 34. Rxa7+ Kd6 35. Rh7 e5 36. dxe5+ Kxe5 37. Rxh5+ Ke4 38. Rh6
Kd3 39. Rxc6 Kc2 40. a4 Kb3 41. a5 Kb2 42. a6 Kb1 43. a7 Kc1 44. a8=Q Kd2 45.
Qd8+ Kc1 46. Rd6 Kc2 47. c4 Kc3 48. c5 Kc2 49. c6 Kb1 50. Rd7 Kc1 51. c7 Kb1
52. Qb8+ Ka2 53. c8=Q Ka3 54. Ra7# 1-0

[Event "Junior Online 4NCL Division 3"]
[Site "online"]
[Date "2020.10.29"]
[Round "6.43"]
[White "Barron-Majerik, Alexander"]
[Black "Shah, Kian"]
[Result "1-0"]
[WhiteElo "221"]
[BlackElo "700"]
[PlyCount "77"]
[EventDate "2020.10.29"]
[WhiteTeam "Dundee City"]
[BlackTeam "Harrow Juniors F"]

1. e4 e5 2. Nf3 Nc6 3. Bc4 Na5 4. d3 d6 5. Bg5 f6 6. Be3 Bf5 7. exf5 Nh6 8. Qd2
Nxf5 9. Qxa5 b6 10. Qa4+ Ke7 11. O-O b5 12. Qxb5 c6 13. Qxc6 Rb8 14. b3 Nh6 15.
Bb5 Nf5 16. Bxa7 Rc8 17. Bb6 Nd4 18. Nxd4 Rxc6 19. Bxd8+ Kxd8 20. Bxc6 exd4 21.
Re1 Kc7 22. Bb5 d5 23. Na3 f5 24. Re8 Kd6 25. Rae1 f4 26. Rd8+ Kc7 27. Ree8 h5
28. Rd7+ Kb6 29. Re6+ Ka5 30. Ra7+ Kb4 31. Rb6 Kc3 32. Rc7+ Kb2 33. Ra7 Kxa2
34. Nc4+ Kb1 35. Nd2+ Kxc2 36. Ra2+ Kd1 37. Bd7 h4 38. Bg4+ Ke1 39. Re6# 1-0

[Event "Junior Online 4NCL Division 3"]
[Site "online"]
[Date "2020.10.29"]
[Round "6.44"]
[White "Parikh, Aadhya"]
[Black "Liu, Haoqi"]
[Result "1-0"]
[WhiteElo "700"]
[BlackElo "200"]
[PlyCount "129"]
[EventDate "2020.10.29"]
[WhiteTeam "Harrow Juniors F"]
[BlackTeam "Dundee City"]

1. e3 e5 2. e4 Bc5 3. Nf3 Nf6 4. Nxe5 Nc6 5. Nxc6 dxc6 6. Bc4 O-O 7. d3 b6 8.
Bg5 Qd6 9. Bxf6 Qxf6 10. Qg4 Qxb2 11. Qd1 Qxa1 12. f3 Qc3+ 13. Nxc3 Re8 14. Kf1
b5 15. Bb3 a5 16. f4 a4 17. Bd5 cxd5 18. exd5 b4 19. Nb5 Ra7 20. Nxa7 Ba6 21.
Nc6 b3 22. axb3 axb3 23. cxb3 Bb5 24. g3 Ra8 25. Kg2 h6 26. d4 Bb4 27. Nxb4 Ra4
28. bxa4 Bc4 29. Qe1 Bxd5+ 30. Kg1 Bxh1 31. Kxh1 g5 32. fxg5 hxg5 33. h3 f5 34.
Qe5 f4 35. Qxg5+ Kf7 36. Qxf4+ Ke6 37. Qxc7 Kf5 38. Qc5+ Ke6 39. Qc6+ Kf5 40.
Qc5+ Ke4 41. Qe7+ Kxd4 42. Nc2+ Kc4 43. Ne3+ Kd3 44. Nf5 Kc4 45. h4 Kd5 46.
Qd7+ Ke4 47. Ng7 Ke5 48. Qe7+ Kd5 49. h5 Kd4 50. h6 Kd5 51. Qd7+ Ke5 52. h7 Ke4
53. h8=Q Ke5 54. Qe7+ Kd5 55. a5 Kc6 56. Qc8+ Kb5 57. a6 Kb6 58. Qee6+ Kb5 59.
a7 Kb4 60. a8=Q Kb5 61. Qab8+ Ka4 62. Qe4+ Ka5 63. Qc5+ Ka6 64. Qcc6+ Ka5 65.
Qee5# 1-0

[Event "Junior Online 4NCL Division 3"]
[Site "online"]
[Date "2020.10.29"]
[Round "6.45"]
[White "Horwood, Alexander"]
[Black "Vijayakumar, Rishi"]
[Result "0-1"]
[WhiteElo "1000"]
[BlackElo "1002"]
[PlyCount "82"]
[EventDate "2020.10.29"]
[WhiteTeam "Harrow Juniors F"]
[BlackTeam "Dundee City"]

1. e4 c5 2. Nf3 Nc6 3. Nc3 e6 4. Bb5 d5 5. e5 Bd7 6. O-O a6 7. Bxc6 Bxc6 8. d3
d4 9. Bg5 Bxf3 10. Qxf3 Qxg5 11. Ne4 Qd8 12. g3 Ne7 13. h4 Nd5 14. Ng5 Qc7 15.
Rfe1 h6 16. Ne4 Be7 17. g4 Qxe5 18. Rad1 Qf4 19. Qxf4 Nxf4 20. g5 hxg5 21. hxg5
Nh3+ 22. Kh2 Nxf2+ 23. Kg2 Nxd1 24. Rxd1 f5 25. Ng3 Bxg5 26. Re1 Be3 27. Kf1
Rh2 28. Rd1 Rf2+ 29. Kg1 Rd2+ 30. Kh1 Rxd1+ 31. Kh2 Bf4 32. Kh3 Bxg3 33. Kxg3
O-O-O 34. Kh4 e5 35. Kg5 Rg1+ 36. Kxf5 Rh8 37. Kxe5 Re8+ 38. Kd5 Rg5+ 39. Kd6
Kd8 40. c4 Rf8 41. b3 Rf6# 0-1